000 01306nam a2200253Ia 4500
999 _c56032
_d56032
001 23132
003 GE_BSU
005 20230713150554.0
008 181216s1953||||ge |||||||||||||| ||geo||
040 _cGE_BSU
041 _ageo
080 _a821.112.2.09 ხ-15
100 _aხავთასი, გრიგოლ
_91245
245 _aნარკვევები გერმანული ლიტერატურის ისტორიიდან. ნაწ. 1 /
_cგრიგოლ ხავთასი ; რედ. დ. ფანჩულიძე.
264 _aთბილისი :
_bთბილ. სახელმწ. უნ-ტის გამ-ბა,
_c1953.
300 _a559 გვ. :
_b 6 ფ. ტაბლ. ;
_c20 სმ.
500 _aპარალელური სათაური რუსულ ენაზე
520 _aპარალ. სათ. რუს. ენ.
541 _h3ლ. 08 თ.
653 _aგერმანული ლიტერატურის ისტორია
653 _aნარკვევები გერმანული ლიტერატურის ისტორიიდან ნაწ. 1
700 _aფანჩულიძე, დ.
_eრედაქტორი
_919307
942 _cBK
_2udc